| 000 | 00444nam a2200145 a 4500 | ||
|---|---|---|---|
| 001 | 000032023 | ||
| 005 | 20260302080342.0 | ||
| 008 | 110712s2007 dr 000 0 spa d | ||
| 040 |
_aDO-SdBNP _bspa _cBNPHU |
||
| 100 | 1 |
_aAlix, Juan Antonio, _d1833-1918 _911349 |
|
| 245 | 1 | 0 |
_aSiete décimas de Juan Antonio Alix / _cJuan Antonio Alix. |
| 260 |
_a[Santo Domingo] : _bLibrería la Trinitaria, _c2007. |
||
| 300 |
_a32 p. ; _c16 cm. |
||
| 049 | _aBNPD | ||
| 999 |
_c31514 _d31514 |
||